000 00491nam a22001577a 4500
003 SISC
005 20170606133537.0
008 170606b xxu||||| |||| 00| 0 eng d
050 _aHF 559.5.T7
_b.F634 2015
100 _aFlores, Marivic F.
245 _aTraining & development /
_cMarivic F. Flores, Angelita Ong Camilar-Serrano.
260 _aManila :
_bUnlimited books,
_c2015.
300 _aviii, 224 pages ;
_c24 cm.
500 _aIncludes bibliographical references.
942 _2lcc
_cBK
999 _c335208
_d335208